|
|
|
|
| LEADER |
00000nab a2200000 a 4500 |
| 001 |
vtls000019648 |
| 003 |
SK-MaSNL |
| 005 |
20260304233911.0 |
| 008 |
111026c1978 xo 0 slo |
| 015 |
|
|
|a SNBRA19rr/mm-uuuuu
|
| 035 |
|
|
|a CL0029742
|
| 040 |
|
|
|a SNKBUCL
|b slo
|c SNKBUCL
|e AACR2
|
| 041 |
0 |
|
|a slo
|b eng
|b rus
|
| 044 |
|
|
|a xo
|c SK
|
| 080 |
|
|
|a 631.5
|2 1981
|
| 080 |
|
|
|a 633.1
|2 1981
|
| 080 |
|
|
|a 631.4
|2 1981
|
| 100 |
1 |
|
|a Habán, I.
|4 aut
|9 1570125
|
| 245 |
1 |
0 |
|a Vplyv rozdielneho zastúpenia obilnín v osevnom postupe na niektoré biologické vlastnosti pôdy
|c I. Habán
|
| 300 |
|
|
|b Tb.
|
| 546 |
|
|
|a Res. rus., angl.
|
| 650 |
0 |
7 |
|a obilniny
|2 snkbucl
|9 19007
|
| 650 |
0 |
7 |
|a pôda
|2 snkbucl
|9 1159
|
| 650 |
0 |
7 |
|a biologické vlastnosti pôdy
|2 snkbucl
|9 1433988
|
| 655 |
|
7 |
|a články zo zborníkov
|2 snkbucl
|9 166140
|
| 773 |
0 |
|
|t Vedecké práce Výskumného ústavu rastlinnej výroby
|d Bratislava : Veda, 1978
|g S. 57-69
|
| 850 |
|
|
|a Slovenská národná knižnica v Martine
|a MTA001
|
| 852 |
|
|
|a SNK
|b KIS3GCP
|
| 958 |
|
|
|a RK
|
| 992 |
|
|
|a RZB
|
| 999 |
|
|
|c 3200802
|d 3202732
|